Loading...

Parineeta

Bibliographic Details
Main Author: Chattopadhyay,Sharat Chandra
Format: Printed Book
Published: New Delhi Diamond Books 2011
LEADER 00435 a2200121 4500
020 |a 9788128821417 
082 |a 863 CHA/P 
100 |a Chattopadhyay,Sharat Chandra 
245 |a Parineeta  |c Sharat Chandra Chattopadhyay 
260 |a New Delhi  |b Diamond Books  |c 2011 
300 |a 167p. 
999 |c 256899  |d 256899 
952 |0 0  |1 0  |4 0  |6 863_000000000000000_CHA_P  |7 0  |9 286069  |a RUS  |b RUS  |c ST1  |d 2012-01-15  |g 0.00  |i 7942  |l 0  |o 863 CHA/P  |p RUS7942  |r 2014-02-14  |w 2014-02-14  |y BK